000 01121nmc a2200385 a 4500
003 AR-BaBNM
005 20251128204238.0
008 175119s1993 ||||||||||||||000 | spa||
020 _a9095-59-1
040 _cAR-BaBNM
100 1 _aZafferri, Emilia Luisa
245 1 0 _aClubes y talleres
_bestrategias didácticas para la educación básica
260 _aBuenos Aires
_bBraga
_c1993
300 0 _a125 p.
_bil., tablas
490 0 _aDidáctica operativa
_vv. 4
500 0 _aPrólogo por Sergio Pérez Alvarez
504 _aBibliografía en p. 117-121
650 4 _aDIDACTICA
650 4 _aCLUBES
650 4 _aTALLERES [METODO PEDAGOGICO]
650 4 _aACTIVIDADES EN GRUPO
650 4 _aACTIVIDADES ESCOLARES
650 4 _aACTIVIDADES RECREATIVAS
650 4 _aJUEGO
650 4 _aPARTICIPACION DEL ALUMNO
650 4 _aCREATIVIDAD
650 4 _aDINAMICA DE GRUPO
653 _aEDUCACION INICIAL
653 _aEDUCACION PRIMARIA
653 _aEDUCACION GENERAL BASICA
700 1 _aMedina, Ramon Enrique
800 1 _aPérez Alvarez, Sergio
_edirector
942 _cBK
998 _cCarmen
999 _c6691
_d6691